02108cam a22003615a 4500999001700000003000900017005001700026008004100043020001500084020001800099040004300117082002000160100003700180245080400217250001901021264006101040264001101101300003901112336002601151337002801177338002701205504005101232590001601283650004101299653002301340655002401363700003501387700006401422700005001486710004301536942001201579952015501591 c16469d16469EG-ScBUE20201128020922.0120215t2008 ii a f b 001 0 eng d a8184482906 a9788184482904 aEG-ScBUEbengerdacEG-ScBUEdEG-ScBUE04a808.02bSIN2221 aSingh, Tejinder,eauthor.92893510aPrinciples of thesis writing /cTejinder Singh, MD, DNB, MAMS, FIMSA, FIAP, MA (distance education), PG Dip (higher education) professor and head, Department of Pediatrics and Vice-Principal (UG), Christian Medical College, Ludhiana, India, director, CMCL-FAIMER Regional Institute and chairman, IAP Education Center, Dheeraj Shah, MD, DNB, MAMS, reader in pediatrics, University College of Medical Sciences, Delhi, India, Heinz Fellow, Royal College of Pediatrics and Child Health, UK, Piyush Gupta, MD, MAMS, FIAP, professor of pediatrics, University College of Medical Sciences, New Delhi, India, Visiting Fellow, Royal College of Pediatrics and Child Health, UK, visiting professor, B. P. Koirala Institute of Health Sciences, Nepal and secretary, IAP Education Center ; foreword Naveen Thacker. 3First edition. 1aNew Delhi :bJaypee Brothers Medical Publishers,c[2008] 4cc 2008 a93 pages :billustrations ;c22 cm 2rdacontentatextbtxt 2rdamediaaunmediatedbn 2rdacarrieravolumebnc aIncludes bibliographical references and index. arana gobara 7aDissertations, Academic2BUEsh91124 bHHUUEENNcJuly2019 vReading book9342321 aShah, Dheeraj,eauthor.9289361 aGupta, Piyush‏c(Professor of pediatrics)eauthor.9289371 aThacker, Naveeneauthor of introduction, etc.2 aIndian Academy of Pediatrics,eauthor. 2ddccBB 00102ddc40708AlahramaMAINbMAINc2NDd2012-02-15epurchaseg49.00h680l4o808.02 SINp000026121r2025-07-15 00:00:00s2015-11-16w2012-02-15yBB